Central Library OPAC University of Rajshahi

Writing social history / (Record no. 13748)

MARC details
000 -LEADER
fixed length control field 01565nam a2200325 a 4500
001 - CONTROL NUMBER
control field 13748
003 - CONTROL NUMBER IDENTIFIER
rucl marc code BD-RjUL
005 - DATE AND TIME OF LATEST TRANSACTION
control field 20211208235515.0
008 - FIXED-LENGTH DATA ELEMENTS--GENERAL INFORMATION
fixed length control field 140201r20111997ii b 000 0 eng d
020 ## - INTERNATIONAL STANDARD BOOK NUMBER
International Standard Book Number 0195640241
International Standard Book Number 0195646339
035 ## - SYSTEM CONTROL NUMBER
System control number (BD-RjUL)13800
040 ## - CATALOGING SOURCE
Original cataloging agency LCLOW
Language of cataloging eng
Transcribing agency LCLOW
Modifying agency ANL
-- BD-RjUL
041 ## - LANGUAGE CODE
Language code of text/sound track or separate title eng
082 04 - DEWEY DECIMAL CLASSIFICATION NUMBER
Classification number 954.0072
Edition number 21
Author mark and year SAW 2011
100 1# - MAIN ENTRY--PERSONAL NAME
Personal name Sarkar, Sumit,
Dates associated with a name 1939-
9 (RLIN) 43019
245 10 - TITLE STATEMENT
Title Writing social history /
Statement of responsibility, etc. Sumit Sarkar.
260 ## - PUBLICATION, DISTRIBUTION, ETC. (IMPRINT)
Place of publication, distribution, etc. Delhi ;
Name of publisher, distributor, etc. New York :
-- Oxford University Press,
Date of publication, distribution, etc. 1997 [impression2011].
300 ## - PHYSICAL DESCRIPTION
Pagination x, 390 p. ;
Size 23 cm.
504 ## - BIBLIOGRAPHY, ETC. NOTE
Bibliography, etc Includes bibliographical references.
505 0# - FORMATTED CONTENTS NOTE
Formatted contents note 1. The Many Worlds of Indian History -- 2. The Relevance of E. P. Thompson -- 3. The Decline of the Subaltern in Subaltern Studies -- 4. Edward Thompson and India: The Other Side of the Medal -- 5. The City Imagined: Calcutta of the Nineteenth and Early Twentieth Centuries -- 6. Renaissance and Kaliyuga: Time, Myth and History in Colonial Bengal -- 7. Vidyasagar and Brahmanical Society -- 8. Kaliyuga, Chakri and Bhakti: Ramakrishna and His Times -- 9. Identity and Difference: Caste in the Formation of the Ideologies of Nationalism and Hindutva.
520 ## - SUMMARY, ETC.
Summary, etc. On India; essays, most written between 1991 and 1996.
651 #0 - SUBJECT ADDED ENTRY--GEOGRAPHIC NAME
Geographic name India
General subdivision Historiography.
9 (RLIN) 42930
Geographic name India
General subdivision History
Chronological subdivision 19th century.
9 (RLIN) 6298
Geographic name India
General subdivision History
Chronological subdivision 20th century.
9 (RLIN) 43020
Geographic name India
General subdivision Social conditions.
9 (RLIN) 43021
942 ## - ADDED ENTRY ELEMENTS (KOHA)
Source of classification or shelving scheme Dewey Decimal Classification
Koha item type Books
Holdings
Lost status Source of classification or shelving scheme Damaged status Not for loan Collection code Permanent Location Current Location Shelving location Date acquired Source of acquisition Cost, normal purchase price Total Checkouts Full call number Date last seen Copy number Koha item type
  Dewey Decimal Classification   Not For Loan Non-fiction Central Library, University of Rajshahi Central Library, University of Rajshahi Reading Room 07/09/2013 Dhaka, Associated Bussiness Corporation. 505.00   954.0072 SAW 2011 01/02/2014 C-1 Books